Państwa organizujące Copa América - Statystyki

Ogólne statystyki
  • Ten quiz został rozwiązany 116 razy
    114 od ostatniego zresetowania
  • Średni wynik to 10 z 11
Statystyki odpowiedzi
Ilość Państwo % Poprawnych
9 Argentyna
100%
6 Brazylia
100%
7 Chile
98%
1 Kolumbia
95%
7 Urugwaj
95%
6 Peru
93%
1 Wenezuela
91%
2 Boliwia
89%
1 Paragwaj
88%
3 Ekwador
85%
1 Stany Zjednoczone
76%
Nie znaleziono quizów pasujących do podanych kryteriów
Rozkład punktacji
Procent ludzi z każdym wynikiem
Percentyl według liczby udzielonych odpowiedzi
Twoja historia wyników
Nie rozwiązałeś tego quizu od ostatniego zresetowania